000 00465nam a22001697a 4500
999 _c478413
_d478413
003 NUST
005 20180528095926.0
008 180528b ||||| |||| 00| 0 eng d
020 _a9780471359432
038 _aSNS Library
082 _a519.77
100 _aGeorge L. Nemhauser
_910570
245 _aInteger and Combinatorial Optimization
_cGeorge L. Nemhauser
260 _aUSA
_bJohn Wiley & Sons
_c1999
300 _axiv, 763 p.
_bPb.
942 _2ddc
_cBK